000 00397cam a22001457a 4500
020 _a0760605483
050 0 0 _aRF 305
_b.E78 2005
100 1 _aErtmer, David J.
245 1 4 _aThe source for children with cochlear implants /
_cDavid J. Ertmer.
260 _aEast Moline, IL :
_bLinguiSystems,
_cc2005.
300 _a180 p. :
650 0 _xRehabilitation.
650 0 _xTreatment.
942 _2lcc
_cGEN
999 _c4591
_d4591